000 02666 a2201105 04500
003 PE-LiUPU
005 20250813185654.0
008 991231s 1986sp spa d
020 _a8432986100
040 _aBUMM
_bspa
_cPE-LiUPU
_dPE-LiUPU
_erda
082 0 4 _a372.5
_223
_bB494c
100 1 _aBerganza, Pilar
_eautor
245 1 0 _aCómo realizar actividades plásticas y artesanales /
_cPilar Berganza.
264 _aBarcelona :
_bEdiciones CEAC,
_c1986.
300 _a180 páginas :
_bIlustraciones, modelos ;
_c21 centímetros.
490 0 _a(Colección educación y enseñanza)
500 _aEn cubierta: "Lápices. Tizas. Papel. Materias plásticas. Fibras. Telas. Madera. Cuero. Metales" AULA PRACTICA.
505 _aAspectos generales de la expresión plástica -- Materiales y procedimientos plásticos y artesanales -- Materiales auxiliares -- Actividades específicas -- El mundo de la imagen.
526 _aP202
526 _aP201
526 _aP163
526 _aP162
526 _aP161
526 _aP160
526 _aP148
526 _aP147
526 _aP146
526 _aP145
526 _aP144
526 _aP143
526 _aP142
526 _aP141
526 _aP140
526 _aP139
526 _aP138
526 _aP137
526 _aP136
526 _aP135
526 _aP134
526 _aP133
526 _aP129
526 _aP128
526 _aP127
526 _aP120
526 _aP119
526 _aP118
526 _aP116
526 _aP115
526 _aP114
526 _aP110
526 _aP109
526 _aP108
526 _aP104
526 _aP103
526 _aP102
526 _aP99
526 _aP98
526 _aP97
526 _aP96
526 _aP95
526 _aP93
526 _aP90
526 _aP89
526 _aP88
526 _aP83
526 _aP82
526 _aP62
526 _aP59
526 _aP58
526 _aP57
526 _aP51
526 _aP49
526 _aP48
526 _aP47
526 _aP29
526 _aP24
526 _aP20
526 _aP19
526 _aP17
526 _aP15
526 _aP14
526 _aP12
526 _aP10
526 _aP09
526 _aP08
526 _aP07
526 _aP06
526 _aP05
526 _aP04
526 _aP01
650 0 _aTrabajos manuales (educación)
_91209
942 _cBK
_2ddc
_n0
980 _621515
_aDIGNA BRAÑES Analista Documental
_81
_gALBERTO SANCHEZ Responsable de Automatización
999 _c61832
_d61832